000 00705cam a2200217 a 4500
001 000003978
005 20200929150641.0
008 910501s1994 sp 001 f spa
020 _a8401325854
040 _aDO-SdBNP
_cDLC
_dDLC
_dOCoLC
082 _a813.54
_bW363i
100 1 _aWeaver, Michael,
_d1929-
_911938
245 1 0 _aImpulso asesino /
_cMichael Weaver ; Traducción, Marta Pérez Sánchez.
260 _aBarcelona :
_bPlaza & Janés,
_c1994.
300 _a477 p. ;
_c21 cm.
534 _aTítulo Original: Impulse.
650 4 _aNovela estadounidense
_9262
650 4 _aLiteratura estadounidense
_9263
700 1 _aPérez Sánchez, Marta
_etr.
_911939
910 _aCatalogación por copia / LC
999 _c3797
_d3797